[Event "Yaroslav the Wise op"]
[Site "Yaroslavl"]
[Date "2018.07.25"]
[Round "6"]
[White "Matjukhin, Anatolij"]
[Black "Baglaev, Evgeniy"]
[Result "0-1"]
[WhiteElo "1897"]
[BlackElo "2137"]
[PlyCount "45"]
[EventDate "2018.07.20"]
[EventType "swiss"]
[EventRounds "9"]
[EventCountry "RUS"]
[SourceTitle "CBM 186 Extra"]
[Source "ChessBase"]
[SourceDate "2018.08.24"]
[SourceVersion "1"]
[SourceVersionDate "2018.08.24"]
[SourceQuality "1"]

1. e4 e6 2. d4 d5 3. Nc3 Bb4 4. a3 Bxc3+ 5. bxc3 dxe4 6. Qg4 Nf6 7. Qxg7 Rg8 8. Qh6 c5 9. Ne2 Nbd7 10. g3 b6 11. Bg2 Bb7 12. 0-0 Rc8 13. Be3 Ba6 14. Rfe1 cxd4 15. Bxd4 e5 16. Be3 Qe7 17. Bh3 Rc7 18. a4 Rg6 19. Qh4 Ng4 20. Qxe7+ Kxe7 21. Bc1 f5 22. a5 Bc4 23. axb6 0-1

[Event "Minsk Amateur op"]
[Site "Minsk"]
[Date "2018.06.28"]
[Round "5"]
[White "Matjukhin, Anatolij"]
[Black "Voloshkin, Daniil"]
[Result "1-0"]
[WhiteElo "1897"]
[BlackElo "1396"]
[PlyCount "69"]
[EventDate "2018.06.25"]
[EventType "swiss"]
[EventRounds "9"]
[EventCountry "BLR"]
[SourceTitle "CBM 185 Extra"]
[Source "ChessBase"]
[SourceDate "2018.07.29"]
[SourceVersion "1"]
[SourceVersionDate "2018.07.29"]
[SourceQuality "1"]

1. b3 d5 2. Bb2 Nf6 3. f4 g6 4. Nf3 Bg7 5. e3 0-0 6. Be2 c5 7. 0-0 Nc6 8. d3 Qc7 9. Qc1 b6 10. Ne5 Bb7 11. Nd2 Nd7 12. Ng4 h5 13. Bxg7 Kxg7 14. Nf2 Nf6 15. Nf3 Rad8 16. Nh3 Bc8 17. Nhg5 e5 18. fxe5 Nxe5 19. Qb2 Neg4 20. e4 dxe4 21. Nxe4 Qc6 22. h3 Nh6 23. Ne5 Qe6 24. Rxf6 Qxf6 25. Nxf6 Kxf6 26. Nd7+ Ke7 27. Nxf8 Kxf8 28. Rf1 Nf5 29. Qf6 Rd6 30. Rxf5 Rxf6 31. Rxf6 Bf5 32. Rxf5 gxf5 33. Bxh5 Ke7 34. Kf2 f6 35. Kf3 1-0

[Event "Minsk Amateur op"]
[Site "Minsk"]
[Date "2018.06.25"]
[Round "1"]
[White "Denishev, Marat"]
[Black "Matjukhin, Anatolij"]
[Result "1-0"]
[WhiteElo "2270"]
[BlackElo "1897"]
[PlyCount "45"]
[EventDate "2018.06.25"]
[EventType "swiss"]
[EventRounds "9"]
[EventCountry "BLR"]
[SourceTitle "CBM 185 Extra"]
[Source "ChessBase"]
[SourceDate "2018.07.29"]
[SourceVersion "1"]
[SourceVersionDate "2018.07.29"]
[SourceQuality "1"]

1. d4 d5 2. c4 e5 3. dxe5 d4 4. a3 Nc6 5. e3 Bf5 6. Nf3 dxe3 7. Qxd8+ Rxd8 8. Bxe3 Nge7 9. Nc3 Ng6 10. Nd5 Rd7 11. 0-0-0 Ncxe5 12. Nxe5 Nxe5 13. Bd4 Nc6 14. Bc3 f6 15. Be2 Bd6 16. Bh5+ Kd8 17. b4 Kc8 18. Kb2 Rhd8 19. f4 Be4 20. Rhe1 f5 21. Rxe4 fxe4 22. Bg4 Bxf4 23. Nxf4 1-0

[Event "Moscow op-E"]
[Site "Moscow"]
[Date "2011.02.05"]
[Round "8.184"]
[White "Krutov, Sergey"]
[Black "Matjukhin, Anatolij"]
[Result "0-1"]
[WhiteElo "2066"]
[BlackElo "1890"]
[PlyCount "62"]
[EventDate "2011.01.29"]
[EventType "swiss"]
[EventRounds "9"]
[EventCountry "RUS"]
[SourceTitle "EXT 2022"]
[Source "ChessBase"]
[SourceDate "2021.10.06"]
[SourceVersion "1"]
[SourceVersionDate "2021.10.06"]
[SourceQuality "1"]

1. e4 e6 2. d3 d5 3. Nd2 c5 4. Ngf3 Nc6 5. g3 d4 6. Bg2 e5 7. a4 f6 8. Nh4 Be6 9. Nc4 Qd7 10. f4 0-0-0 11. f5 Bf7 12. Bd2 Kb8 13. a5 Nge7 14. Ra3 Nc8 15. 0-0 Bd6 16. Qa1 Bc7 17. b3 Nd6 18. Nxd6 Qxd6 19. Rb1 Ka8 20. Nf3 g6 21. Be1 gxf5 22. exf5 Bd5 23. Nd2 Bxg2 24. Nc4 Qd5 25. Nb6+ Bxb6 26. axb6 Kb8 27. bxa7+ Ka8 28. Ra2 Bh3 29. c4 dxc3 30. Qxc3 Nd4 31. Rf2 Nf3+ 0-1

[Event "Moscow op-E"]
[Site "Moscow"]
[Date "2011.02.03"]
[Round "6.191"]
[White "Piskov, Vladimir"]
[Black "Matjukhin, Anatolij"]
[Result "1-0"]
[WhiteElo "2046"]
[BlackElo "1890"]
[PlyCount "69"]
[EventDate "2011.01.29"]
[EventType "swiss"]
[EventRounds "9"]
[EventCountry "RUS"]
[SourceTitle "EXT 2022"]
[Source "ChessBase"]
[SourceDate "2021.10.06"]
[SourceVersion "1"]
[SourceVersionDate "2021.10.06"]
[SourceQuality "1"]

1. d4 d5 2. Bg5 Nf6 3. Bxf6 gxf6 4. e3 c5 5. c3 Nc6 6. Nd2 Bf5 7. Ne2 e5 8. Ng3 Be6 9. dxc5 Bxc5 10. Nb3 Be7 11. Qh5 Qd7 12. h3 0-0-0 13. 0-0-0 Qc7 14. Kb1 Na5 15. Nd2 Qc6 16. Bd3 d4 17. cxd4 Qa4 18. d5 Bxd5 19. Qg4+ Qxg4 20. hxg4 Bxa2+ 21. Kxa2 Rxd3 22. Nf5 Bd8 23. Ne4 Rd7 24. Rc1+ Nc6 25. Rh6 Rc7 26. Kb1 Nb4 27. Ned6+ Kd7 28. Nxf7 Rf8 29. Rxc7+ Bxc7 30. Rxf6 Ke8 31. N7d6+ Bxd6 32. Rxd6 h5 33. Re6+ Kd7 34. Re7+ Kc6 35. Rxe5 1-0